Ventura y tribulaciones de un padre recién estrenado (Record no. 63265)
[ view plain ]
| 000 -LEADER | |
|---|---|
| campo de control de longitud fija | 00532nam a2200169 i 4500 |
| 001 - NÚMERO DE CONTROL | |
| campo de control | 63265 |
| 003 - IDENTIFICADOR DE NÚMERO DE CONTROL | |
| campo de control | ES-MaACL |
| 005 - FECHA Y HORA DE LA ÚLTIMA TRANSACCIÓN | |
| campo de control | 20230906164822.0 |
| 007 - CAMPO FIJO DE DESCRIPCIÓN FÍSICA--INFORMACIÓN GENERAL | |
| campo de control de longitud fija | t| |
| 008 - DATOS DE LONGITUD FIJA--INFORMACIÓN GENERAL | |
| campo de control de longitud fija | 031205s1976 sp ||||1| spa d |
| 100 1# - ENTRADA PRINCIPAL--NOMBRE DE PERSONA | |
| Nombre de persona | Fernández-Shaw, Carlos, |
| Fechas asociadas al nombre | 1924-2012 |
| 9 (RLIN) | 50099 |
| 245 10 - MENCIÓN DEL TÍTULO | |
| Título | Ventura y tribulaciones de un padre recién estrenado |
| Resto del título | : desahogos ingenuos / |
| Mención de responsabilidad, etc. | Carlos M. Fernández-Shaw. |
| 260 ## - PUBLICACIÓN, DISTRIBUCIÓN, ETC. | |
| Lugar de publicación, distribución, etc. | Madrid : |
| Nombre del editor, distribuidor, etc. | Studium, |
| Fecha de publicación, distribución, etc. | [1976] |
| 300 ## - DESCRIPCIÓN FÍSICA | |
| Extensión | 285 p. ; |
| Dimensiones | 18 cm. |
| 852 ## - LOCALIZACIÓN | |
| Ubicación | ES-MaACL |
| Número de control de estantería | A-5785 |
| Sublocalización o colección | R.94846 |
| Estatus retirado | Estado de pérdida | Estado de daño | No para préstamo | Biblioteca de origen | Biblioteca actual | Ubicación en estantería | Fecha de adquisición | Fuente de adquisición | Total de préstamos | Signatura topográfica completa | Código de barras | Visto por última vez | Precio de reemplazo | Tipo de ítem Koha |
|---|---|---|---|---|---|---|---|---|---|---|---|---|---|---|
| Biblioteca del Ateneo de Madrid | Biblioteca del Ateneo de Madrid | Sala Pecera Planta 1 | 17/01/2008 | A-5785 | 1066316 | 23/02/2023 | 23/02/2023 | Libro impreso |
